| 000 | 03025cam a22003974i 4500 | ||
|---|---|---|---|
| 003 | PE-LiUPU | ||
| 005 | 20250731183436.0 | ||
| 008 | 150706s2011 nyua r 000 0 eng d | ||
| 020 | _a9781935202462 | ||
| 035 | _a(Sirsi) i9781935202462 | ||
| 040 |
_aPE-LiUPU _bspa _cPE-LiUPU _erda |
||
| 049 | _aPRUA | ||
| 082 | 0 | 4 |
_a720.22 _bJ72 _221 |
| 100 | 1 |
_aJones, Will, _eautor. |
|
| 245 | 1 | 0 |
_aArchitects' sketchbooks / _cWill Jones. |
| 264 | 1 |
_aNew York : _bMetropolis Magazine, _c2011. |
|
| 300 |
_a351 páginas : _bilustraciones ; _c23 centímetros |
||
| 336 |
_atext _2rdacontent |
||
| 337 |
_aunmediated _2rdamedia |
||
| 338 |
_avolume _2rdacarrier |
||
| 505 | 0 | _aForeword-Narinder Sagoo -- Blood, sweat and pencil- Will Jones -- 3Deluxe -- A4 studio -- Ben Addy -- Agathom Co -- Will Alsop -- Architects atelier ryo abe -- Shigeru Ban -- Julio Barreno -- C. Errol Barron -- Bercy Chen studio Lp -- Boidot Robin architects -- BPR -- Brent Buck -- Casagrande Laboratory -- Nat Chard -- Laurie Chetwood -- Prue Chiles -- Cindy Rendely architexture -- Peter Clash -- Frank Clementi -- Caleb Crawford -- Jeanne Dekkers -- Dmaa -- Dorell. Ghotmeh. Tane -- East -- Elemental -- Elliott + Associates Architects -- Ben Emmett -- Fantastic Norway -- Thom Faulders -- Norman Foster -- Tony Fretton -- Glowacka Rennie -- Sean Godsell -- Penelope Haralambidou -- Ivan Harbour -- Hawkins\Brown -- Carlos Jiménez -- Eva Jiricna -- Steven Johnson -- Junya Ishigami Associates -- Kristofer Kelly -- Kennedyt Waddle -- Tobias Klein. -Michael Lehrer -- Alistair Lillystone -- Cj Lim -- Liquid factory -- John Lyall -- Mackenzie Wheeler -- Barrie Marshall -- Stephen Mcgrath -- Alessandro Mendini -- Mi5 architects -- Nagan Jhonsom -- O+A -- O´Donnell + Tuomey -- Office Da -- Chad Oppenheim -- Terry Pawson -- Luke Pearson -- Point supreme architecs -- Paul Raff -- Carlo Ratti -- Rocha Tombal -- MarcRolinet -- Narinder Saggoo -- Ken Shuttleworth -- Danecia Sibingo -- Sixteen*(Makers) -- Smaq -- Smout Allen -- Neil Spiller -- Natalia Subotincic -- Toh Shimazaki -- Rafael Viñoly -- Walter Bushe architects -- Mark West -- Ed Williams -- Witherford Watson Mann architects -- Jonathan Woolf -- Ken Yeang -- Yeswecanarchitecture -- Yoshihara Mckee architects -- Website picture credits. | |
| 526 | _aP158 | ||
| 526 | _aP146 | ||
| 526 | _aP17 | ||
| 526 | _aP12 | ||
| 526 | _aP06 | ||
| 541 | _g004-000770; | ||
| 650 | 1 | 4 | _aDibujo arquitectónico. |
| 650 | 2 | 4 | _aRepresentación arquitectónica. |
| 910 |
_afsr _cfsr _d20130107 |
||
| 942 |
_2ddc _cBOOK |
||
| 949 |
_a720.22 J72 _wDEWEY _c1 _i66324 _lCCODEBUL1 _mBUL _p64.00 _r0 _sY _tBOOK _u2015-7-6 _xINGENIERIA _PP06 _o.STAFF. Colección General |
||
| 994 |
_aC0 _bPEPRU |
||
| 596 | _a1 | ||
| 999 |
_a720.22 J72 _wDEWEY _c54587 _i66324 _d54587 _e2019-5-20 _f2021-11-9 _g7 _lCCODEBUL1 _mBUL _n9 _p64.00 _q1 _r0 _sY _tBOOK _u2015-7-6 _xINGENIERIA _PP06 _0COMPRA _o.STAFF. Colección Ingeniería y Arquitectura |
||
| 980 |
_81 _gALBERTO SANCHEZ Responsable de Automatización |
||